000
00295 a2200121 4500
001
125340
020
_a
9780545124096
040
_c
Escola Canadense de Niteroi
100
_a
Beech, Linda
245
1
0
_a
Phonics, Grades 3-6 (Extra Practice for Struggling Readers)
362
0
_a
2010
942
_c
BK
999
_c
125340
_d
125340